000 01086nac a22003017a 4500
001 BR7902324
003 BR-BrBNA
005 20240105114425.0
008 230509b bl.|||m| |||| 00| 0 por d
040 _aBR-BrBNA
_bpor
_cBiblioteca Nacional de Agricultura
072 _aB50; E70
090 _aB50 BR7902324
100 1 _aLinhares, M.Y.L.
100 1 _aSilva, F.C.T. da
110 1 _aSecretaria Nacional de Planejamento Agricola, Brasilia, DF (Brasil)
_99209
245 1 _aHistoria politica do abastecimento (1918-1974)[Brasil]
246 1 _a[Political supplying history (1918-1974)[Brazil]]
260 3 _aBrasilia, DF (Brasil):
_bBiblioteca Nacional de Agricultura,
_c1979.
300 _a240 p.
490 _aEstudos sobre o Desenvolvimento Agricola - Secretaria Nacional de Planejamento Agricola (Brazil)
_vno. 6
_x
500 _aBibliography p. 227-238 (136 ref.)
650 _aHistoria
650 _aComercializacao
650 _aPolitica de abastecimento
650 _aAbastecimento
909 _a202312
_bLúcia Elande
_c55
_dLúcia Elande
942 _2AGRIS
_n0
_cMS
999 _c269268
_d269268